| 000 | 00615nam a2200205Ia 4500 | ||
|---|---|---|---|
| 003 | BUBTL | ||
| 008 | 151213s9999 xx 000 0 und d | ||
| 020 | _a0-8442-3422-2 | ||
| 082 | _a659.11/ D952d/ 1995 | ||
| 100 |
_aDutka, Solomon _93129 |
||
| 245 |
_aDAGAMAR : Defining Advertising Goods for Measles Advertising Results. _cSolomon Dutka |
||
| 250 | _a2nd | ||
| 260 |
_aU S A _bN T C Business Books _cc1995 |
||
| 300 |
_a[xii] , 129p . : _bill . ; 23cm . |
||
| 650 |
_aMarketing _93130 |
||
| 700 |
_aSolomon Dutka _93129 |
||
| 856 |
_k0 _l0 _yDownload |
||
| 942 |
_2ddc _cBK |
||
| 999 |
_c2033 _d2033 |
||